• 首页
  • 本馆介绍
  • 公告通知
  • 最新文献
  • 馆藏检索
  • 电子资源
  • 读者导购
  • 参考咨询
  • 我的图书馆
  • 登录
  • 详细信息显示
  • 放入我的书架
  • 预约/预借图书
  • 作者相关作品
  • 分类相关作品
  • 丛书相关作品
  • 出版社相关作品

书目信息

  • 表格格式
  • 工作单格式
  • 卡片格式
题名:
考研日语进阶语法考点1000题
    
 
作者: 褚进 主编
分册:   答案解析册
出版信息: 大连   大连理工大学出版社  2024.08
页数: 152页
开本: 26cm
丛书名:
单 册:
中图分类: H364-44
科图分类:
主题词: 日语--语法--硕士生入学考试--习题集 , 日语--语法--硕士生入学考试--题解
电子资源:
ISBN: 978-7-5685-5118-2
000 01100nam0 2200265 450
001 0100084324
005 20250617161223.04
010    @a978-7-5685-5118-2@dCNY32.50
100    @a20240801d2024 em y0chiy50 ea
101 0  @achi@ajpn
102    @aCN@b210000
105    @ay q 000yy
106    @ar
200 1  @a考研日语进阶语法考点1000题@9kao yan ri yu jin jie yu fa kao dian 1000 ti@i答案解析册@b专著@f褚进主编
210    @a大连@c大连理工大学出版社@d2024.08
215    @a152页@d26cm
304    @a本书无题名页,200字段信息取自封面
330    @a本书针对考研日语大纲考点,涵盖考生必须掌握的重点句型。本书题目水平与真题水平接近,且句子难度略高,旨在让考生从基础到考试考点全通关。所有题目都配解析。本书包括考点训练和全真模拟两部分,前者为十一个考点的训练,每个考点配60道左右的练习题,后者为十七套全真模拟题。本书为答案解析册。
333    @a考研人员
606 0  @a日语@x语法@x硕士生入学考试@j习题集
606 0  @a日语@x语法@x硕士生入学考试@j题解
690    @aH364-44@v5
701  0 @a褚进@9chu jin@4主编
801  0 @aCN@b人天书店@c20250616
905    @b1624507-8@b216245089@dH364-44@e778(+)@f2
    
    考研日语进阶语法考点1000题.答案解析册/褚进主编.-大连:大连理工大学出版社,2024.08
    152页;26cm
    使用对象:考研人员
    
    ISBN 978-7-5685-5118-2:CNY32.50
    本书针对考研日语大纲考点,涵盖考生必须掌握的重点句型。本书题目水平与真题水平接近,且句子难度略高,旨在让考生从基础到考试考点全通关。所有题目都配解析。本书包括考点训练和全真模拟两部分,前者为十一个考点的训练,每个考点配60道左右的练习题,后者为十七套全真模拟题。本书为答案解析册。
●
相关链接 在E读中查询图书 在五车中查询图书 在当当中查询图书 在豆瓣中查询图书


正题名:考研日语进阶语法考点1000题     索取号:H364-44/778(+)         预约/预借

序号 登录号 条形码 馆藏地/架位号 状态 备注
1 1624507   216245070   第二样本阅览室/ [索取号:H364-44/778(+)] 在馆    
2 1624508   216245089   第四借阅区/ [索取号:H364-44/778(+)] 在馆    
唐山师范学院图书馆 欢迎您!
大连网信软件有限公司© 版权所有